书目信息 |
| 题名: |
西游记
|
|
| 作者: | 吴承恩 著 ;古众 校点 | |
| 分册: | ||
| 出版信息: | 济南 齐鲁书社 1992.7 |
|
| 页数: | 744页 | |
| 开本: | 19cm | |
| 丛书名: | 中国古典小说普及丛书 | |
| 单 册: | ||
| 中图分类: | I242.49 , I242.4 | |
| 科图分类: | 44.565 | |
| 主题词: | 古典小说--中国--明代 , 章回小说--中国--明代 , 长篇小说--中国--明代 | |
| 电子资源: | ||
| ISBN: | 7-5333-0282-6 | |
| 000 | 00860nam2 2200301 45 | |
| 001 | 1551540586 | |
| 005 | 20150126141929.67 | |
| 010 | @a7-5333-0282-6@b精装@dCNY3.10 | |
| 100 | @a19800101d1992 em y0chiy0121 ea | |
| 101 | 0 | @achi |
| 102 | @aCN@b370000 | |
| 105 | @ay z 000ay | |
| 200 | 10 | @a西游记@AXI YOU JI@f(明)吴承恩著@F( MING ) WU CHENG EN ZHU@g古 众校点 |
| 210 | @a济南@c齐鲁书社@d1992.7 | |
| 215 | @a744页@d19cm | |
| 225 | 2 | @a中国古典小说普及丛书 |
| 410 | 0 | @120010@a中国古典小说普及丛书 |
| 540 | 1 | @a西游记@AXI YOU JI |
| 606 | @a古典小说@y中国@z明代 | |
| 606 | @a章回小说@y中国@z明代 | |
| 606 | @a长篇小说@y中国@z明代 | |
| 690 | @aI242.49@v三版 | |
| 690 | @aI242.4@v4 | |
| 692 | @a44.565 | |
| 701 | 0 | @a吴承恩@AWU CHENG EN@4著 |
| 702 | 0 | @a古众@AGU ZHONG@4校点 |
| 801 | 0 | @aCN@bTSSF@c20150126 |
| 905 | @aZUCC@dI242.4@eJY30:3 | |
| 西游记/(明)吴承恩著/古 众校点.-济南:齐鲁书社,1992.7 |
| 744页;19cm.-(中国古典小说普及丛书) |
| ISBN 7-5333-0282-6(精装):CNY3.10 |
| ● |
| 相关链接 |
|
|
|
|
正题名:西游记
索取号:I242.4/JY30:3
 
预约/预借
| 序号 | 登录号 | 条形码 | 馆藏地/架位号 | 状态 | 备注 |
| 1 | 7839216 | 278392160 | 学院路分馆/ [索取号:I242.4/JY30:3] | 在馆 |